Football belge - Clubs des Play-Off 1 de Jupiler Pro League - Statistiques

Statistiques générales
  • Ce quiz a été pris 349 fois
    14 depuis la dernière actualisation
  • Le résultat moyen est 85 sur 90
Statistiques - réponses
Saison Equipe Points % Correct
2018-2019 Antwerp FC 39
100%
2020-2021 Antwerp FC 35
100%
2021-2022 Antwerp FC 36
100%
2022-2023 Antwerp FC 47
100%
2023-2024 Antwerp FC 32
100%
2024-2025 Antwerp FC 32
100%
2014-2015 Charleroi SC 36
100%
2016-2017 Charleroi SC 35
100%
2017-2018 Charleroi SC 34
100%
2009-2010 Club Brugge KV 41
100%
2010-2011 Club Brugge KV 43
100%
2011-2012 Club Brugge KV 48
100%
2012-2013 Club Brugge KV 46
100%
2013-2014 Club Brugge KV 48
100%
2014-2015 Club Brugge KV 47
100%
2015-2016 Club Brugge KV 54
100%
2016-2017 Club Brugge KV 45
100%
2017-2018 Club Brugge KV 46
100%
2018-2019 Club Brugge KV 50
100%
2020-2021 Club Brugge KV 44
100%
2021-2022 Club Brugge KV 50
100%
2022-2023 Club Brugge KV 36
100%
2023-2024 Club Brugge KV 50
100%
2024-2025 Club Brugge KV 53
100%
2025-2026 Club Brugge KV 57
100%
2009-2010 KAA Gent 41
100%
2010-2011 KAA Gent 33
100%
2011-2012 KAA Gent 40
100%
2014-2015 KAA Gent 49
100%
2015-2016 KAA Gent 42
100%
2016-2017 KAA Gent 41
100%
2017-2018 KAA Gent 39
100%
2018-2019 KAA Gent 35
100%
2024-2025 KAA Gent 26
100%
2025-2026 KAA Gent 29
100%
2010-2011 KRC Genk 51
100%
2011-2012 KRC Genk 41
100%
2012-2013 KRC Genk 40
100%
2013-2014 KRC Genk 32
100%
2015-2016 KRC Genk 40
100%
2017-2018 KRC Genk 38
100%
2018-2019 KRC Genk 52
100%
2020-2021 KRC Genk 44
100%
2022-2023 KRC Genk 46
100%
2023-2024 KRC Genk 37
100%
2024-2025 KRC Genk 47
100%
2009-2010 RSC Anderlecht 59
100%
2010-2011 RSC Anderlecht 44
100%
2011-2012 RSC Anderlecht 52
100%
2012-2013 RSC Anderlecht 49
100%
2013-2014 RSC Anderlecht 51
100%
2014-2015 RSC Anderlecht 46
100%
2015-2016 RSC Anderlecht 47
100%
2016-2017 RSC Anderlecht 52
100%
2017-2018 RSC Anderlecht 40
100%
2018-2019 RSC Anderlecht 32
100%
2020-2021 RSC Anderlecht 33
100%
2021-2022 RSC Anderlecht 40
100%
2023-2024 RSC Anderlecht 46
100%
2024-2025 RSC Anderlecht 36
100%
2025-2026 RSC Anderlecht 33
100%
2010-2011 Standard de Liège 51
100%
2011-2012 Standard de Liège 35
100%
2012-2013 Standard de Liège 42
100%
2013-2014 Standard de Liège 49
100%
2014-2015 Standard de Liège 40
100%
2017-2018 Standard de Liège 43
100%
2018-2019 Standard de Liège 40
100%
2021-2022 Union Saint-Gilloise 46
100%
2022-2023 Union Saint-Gilloise 46
100%
2023-2024 Union Saint-Gilloise 49
100%
2024-2025 Union Saint-Gilloise 56
100%
2025-2026 Union Saint-Gilloise 53
100%
2025-2026 KV Malines 29
92%
2009-2010 Saint-Trond VV 34
83%
2025-2026 Saint-Trond VV 43
83%
2009-2010 SV Zulte Waregem 28
83%
2012-2013 SV Zulte Waregem 47
83%
2013-2014 SV Zulte Waregem 41
83%
2015-2016 SV Zulte Waregem 27
83%
2016-2017 SV Zulte Waregem 33
83%
2015-2016 KV Oostende 36
75%
2016-2017 KV Oostende 37
75%
2023-2024 Cercle Brugge 37
67%
2009-2010 KV Courtrai 33
58%
2011-2012 KV Courtrai 34
58%
2014-2015 KV Courtrai 34
58%
2010-2011 KSC Lokeren 31
50%
2012-2013 KSC Lokeren 31
50%
2013-2014 KSC Lokeren 34
50%
Aucun quiz correspondant
Distribution des résultats
% des personnes avec chaque résultat
Percentile par nombre de réponses
Votre historique - résultats
Vous n’avez pas pris ce quiz depuis la dernière actualisation